Normal view
MARC view
Entry Término temático
001 - NÚMERO DE CONTROL
- campo de control: 52583
003 - IDENTIFICADOR DE NÚMERO DE CONTROL
- campo de control: mxcmmo
005 - FECHA Y HORA DE LA ÚLTIMA TRANSACCIÓN
- campo de control: 20241018005439.0
008 - ELEMENTOS DE DATO DE LONGITUD-FIJA
- campo de control de longitud fija: 241018|| aca||aabn | a|a d
040 ## - FUENTE DE CATALOGACIÓN
- Centro catalogador/agencia de origen: mxcmmo
- Centro/agencia transcriptor: mxcmmo
150 ## - ENCABEZAMIENTO--TÉRMINO DE MATERIA
- Término de materia o nombre geográfico como elemento de entrada: Conspiraciones
670 ## - FUENTE DE DATOS ENCONTRADOS
- Cita de la fuente: Work cat.: (mxcmmo)27899: Pereda, Juan Nepomuceno de 1802-1883 autor 52578, [Carta de J. Nepomuceno de Pereda dirigida al Sr. Dr. José Ma. Luis Mora para descubrir la combinación de los planes de monarquía]